A decade of Zimbabwe : (Record no. 3419)

MARC details
000 -LEADER
fixed length control field 00493cam a2200157 i 4500
008 - FIXED-LENGTH DATA ELEMENTS--GENERAL INFORMATION
fixed length control field 190328s2019 ne 000 0 eng c
020 ## - INTERNATIONAL STANDARD BOOK NUMBER
ISBN 9789004349063 (pbk. : alk. paper)
100 1# - MAIN ENTRY--AUTHOR
Author Kamete, Amin Y.
245 12 - TITLE STATEMENT
Title A decade of Zimbabwe :
Remainder of title politics, economy and society 2008-2017 /
Statement of responsibility, etc by Amin Kamete.
260 ## - PUBLICATION, DISTRIBUTION, ETC. (IMPRINT)
Place of publication Leiden
Name of publisher Britl
Date of publication 2019
300 ## - COLLATION
Pagination 151 pages ;
Other physical details ill.
650 ## - TRACINGS
Main Subject Zimbabwe - Politics and Government-list
942 ## - ADDED ENTRY ELEMENTS (KOHA)
Item type Books
050 00 - LIBRARY OF CONGRESS CALL NUMBER
Classification number DT2996
Item number .K36 2019
082 04 - DEWEY DECIMAL CLASSIFICATION NUMBER
Classification number 968.91051
Holdings
Source of classification or shelving scheme Not for loan Permanent location Current location Date acquired Accession No. Full call number Barcode. Koha item type
Library of Congress Classification   Samuel Ogbemudia Main Library, University of Abuja Samuel Ogbemudia Main Library, University of Abuja 05/13/2025 2024/64207 DT2996.K36 2025-1887 Books